000 01071nas a2200349 4500
001 BR0402882
003 BR-BrBNA
005 20231205104605.0
007 ta
008 230509b bl.|||p| |||| 00| 00por d
040 _aBR-BrBNA
_bpor
_cBiblioteca Nacional de Agricultura
041 _a(Pt)
072 _aF08; E16
100 1 _aBezerra Neto, F.
100 1 _aAndrade, F.V.
100 1 _aNegreiros, M.Z. de
100 1 _aSantos Júnior, J.J. dos
245 1 _aDesempenho agroeconômico do consórcio cenoura X alface lisa em dois sistemas de cultivo em faixa
650 _aALFACE
650 _aLACTUCA SATIVA
650 _aCENOURA
650 _aDAUCUS CAROTA
650 _aCONSORCIAÇÃO DE CULTURA
650 _aCRESCIMENTO
650 _aRENDIMENTO
650 _aSISTEMA DE CULTIVO
650 _aCARACTERÍSTICAS AGRONÔMICAS
650 _aANÁLISE ECONÔMICA
773 0 _tHorticultura Brasileira (Brazil)
_xISSN 0102-0536
_g(Oct-Dec 2003), v. 21(4) p. 635-641
_wBR0402882
909 _a202311
_bLúcia
_c55
_dLúcia Elande
942 _2AGRIS
_n0
_cANA
999 _c178860
_d178860